Visualizzazione normale
Vista MARC
- Altman Stephan
di Personal Name
Records bibliografici associati: 1
001 - CONTROL NUMBER
- control field: 36787
003 - CONTROL NUMBER IDENTIFIER
- control field: IT-RoPau
005 - DATE AND TIME OF LATEST TRANSACTION
- control field: 20151125152219.0
008 - FIXED-LENGTH DATA ELEMENTS
- fixed length control field: 151125|| aca||aabn | a|a d
040 ## - CATALOGING SOURCE
- Original cataloging agency: IT-RoPau
- Transcribing agency: IT-RoPau
100 ## - HEADING--PERSONAL NAME
- Personal name: Altman Stephan
- Relator term: (musica)
- Miscellaneous information: Codice Musica SPICS: 60279
670 ## - SOURCE DATA FOUND
- Source citation: Work cat.: (IT-RoPau)104629: Monteverde Alejandro G. Codice regista SPICS: 60278 36784, BELLA BELLA (Rif. Codice opera principale : K0697)